000
00317nam a2200121Ia 4500
008
220216s9999 xx 000 0 und d
100
_a
Jose V T
245
0
_a
Foraging activities of honey bee Apis cerana Indica F
260
_b
Rubber Board Bulletin
_c
2009
300
_a
9-Apr
700
_a
Thankamony S
942
_c
BS
999
_c
49631
_d
49631